00839 2200289 4500001002100000001002100021005001500042020002200057035002400079040001200103082002000115084002000135090001600155090002000171100002900191245008300220245006600303250001000369260002400379260003400403300002900437504002900466650001400495700001200509850001200521990001600533YOGYA000000000000822YOGYA00000000000082220140822073026 a978-602-1641-21-1 0010-081400000000862 aYOPDYOG 2[22]aDEP 133.6 aDEP 133.6 Ran M a339.2 Uma S aDEP 133.6 Ran M aRANGKAI WISNUMURTI 1975- aSumber riski dan kekayaan : berdasarkan ilmu hikmat IslamcUmar, M. Ali Khasan aMisteri rajah tanganc/ Rangkai Wisnumurti ; editor, Agus Hr. aCet.1 aSolobBahagiac1993 2012aYogyakartab: Diva Press a241 hlmb: ilusc; 20 cm aBibliografi: hlm 239-241 aPalmistri aAgus Hr aYOPDYOG a0967/B.2013